01317cam a22003497a 4500003000500000005001700005008004100022010001000063011001000073035001000083040000900093090001000102100003500112245012600147260003900273300003200312502010000344590003700444590004100481590004100522590004100563590004200604650002400646650003400670650003400704901000700738905002600745942001000771949004200781999001700823952012700840CHAP20220329142147.0000121d mx r 00110 spa d a79374 a80346 a90796 cCHAP aTesis00aMonter Partida, Judith.97780210aRespuesta a la inoculación con Azospirullum spp. en trigo y sorgo bajo condiciones de campoc/por Judith Monter Partida aIrapuato, Gto. :bEl autor,c1993. a88 h. ;bgráfs. ; cuadros aTesis (Ing. Agr. Fitotecnista) -- Universidad de Guanajuato. Escuela de Agronomía y Zootecnia aALEPHb10c20130110lUCH01h1430 aBATCH-UPDb10c20130110lUCH01h1242 aBATCH-UPDb10c20130410lUCH01h0807 aBATCH-UPDb10c20130914lUCH01h0508 aCONVERSIONb10c20130109lUCH01h134414aAzospirillum.9912614aSorgoxInoculación.910868514aTrigoxInoculación.9115045 aBK aAlejandra Carrasco M. cTESIS bBCcTESd907961eTS1h34035i90796sb c79374d79374 00102local4051708TESISaBCbBCcPA_TESISd2019-12-31fTESISl0oTesisp907961r2019-12-31 00:00:00w2019-12-31yTESIS